Statystyki dla Jaka to pizza?

Kliknij tutaj aby rozwiązać quiz!

Ogólne statystyki

  • Ten quiz został rozwiązany 440 razy
  • Średni wynik to 2 z 13

Statystyki odpowiedzi

SkładnikiPizza% Poprawnych
sos pomidorowy, ananas, ser, szynkaHawajska
84%
sos pomidorowy, ser, oreganoMargherita
59%
sos pomidorowy, salami, serSalami
46%
sos pomidorowy, ser mozarella, camembert, z niebieską pleśnią, FetaSerowa
16%
sos pomidorowy, ser, tuńczyk, krewetki, małże, czosnek, oreganoFrutti Di Mare
11%
sos pomidorowy, ser, szynka parmeńska, rukola, pomidorkiParma
7%
sos pomidorowy, ser, salami, papryka jalapeno, oreganoDiavolo
5%
sos pomidorowy, cebula, serCipolla
3%
sos pomidorowy, ser,pieczarki, papryka, oliwki czarne, cebula, oreganoVegetariana
3%
czerwona fasola, kukurydza, ser, sos mięsny BologneseMexico
1%
sos pomidorowy, ser, szynka, oreganoProscitutto
1%
sos pomidorowy,ser,pieczona wieprzowina, szynka, pieczarki, oreganoRomana
1%
sos pomidorowy, owoce południowe, ser,Tropical
1%

Rozkład punktacji

Percentyl według liczby udzielonych odpowiedzi

Procent ludzi z każdym wynikiem

Twoja historia wyników

Nie rozwiązałeś tego quizu